Cultura general - Statistics

General Stats
  • This quiz has been taken 13 times
  • The average score is 2 of 15
Answer Stats
Hint Answer % Correct
Un número (0–1) 0,5
64%
Un presidente (EE.UU.) Barack Obama
45%
Una fecha (1/1/2025 -- 31/12/2025) 6/7/2025
9%
Un vehículo Avión
9%
Una ciudad (Asia) Cantón
9%
Un animal Ñu
9%
Alguien de la clase Pol
9%
Una nota de examen reciente 2,25
0%
Un color Aguamarina
0%
Un/a profesor/a Dolors Palau
0%
Una parte del cuerpo Glande
0%
Una fórmula de química PV=nRT
0%
Una serie (Cartoon Network) Samurai Jack
0%
Un país (África) Sierra Leona
0%
Una figura retórica Zeugma
0%
No matching quizzes found
Score Distribution
Percent of People with Each Score
Percentile by Number Answered
Your Score History
You have not taken this quiz